书目信息 |
| 题名: |
20世纪音乐分析法的数理思维研究
|
|
| 作者: | 傅小草 著 | |
| 分册: | ||
| 出版信息: | 北京 中国水利水电出版社 2017 |
|
| 页数: | 225页 | |
| 开本: | 24cm | |
| 丛书名: | ||
| 单 册: | ||
| 中图分类: | J614.3 | |
| 科图分类: | ||
| 主题词: | 音乐作品--yin yue zuo pin--分析 | |
| 电子资源: | ||
| ISBN: | 978-7-5170-4979-1 | |
| 000 | 01781nam0 2200277 450 | |
| 001 | 012001006904 | |
| 005 | 20130301085754.0 | |
| 010 | @a978-7-5170-4979-1@dCNY42.00 | |
| 099 | @aCAL 012017085778 | |
| 100 | @a20170512d2017 em y0chiy50 ea | |
| 101 | 0 | @achi |
| 102 | @aCN@b110000 | |
| 105 | @ag a 000yy | |
| 106 | @ar | |
| 200 | 1 | @a20世纪音乐分析法的数理思维研究@A20 shi ji yin yue fen xi fa de shu li si wei yan jiu@e以勋伯格序列音乐为例@f傅小草著 |
| 210 | @a北京@c中国水利水电出版社@d2017 | |
| 215 | @a225页@c乐谱@d24cm | |
| 300 | @a2015年长江大学社科基金项目科研成果 | |
| 320 | @a有书目 (第224-225页) | |
| 330 | @a本书针对以下运算目标展开研究:求解基本型;求解移位中的不变音数量;求解倒影中的不变音数量;求解抽象子集;求解移位对称集合的移位算子;求解倒影对称集合的指数及对称中心;求解音列形式;求解音列不变性、对称性与配套性。最后,以勋伯格最重要的四首钢琴曲为例,对前两首乐曲中的重要音级集合取样求解,对后两首乐曲中的原型序列展开演算。在分析的过程中,当计算机实现了这些复杂而繁琐的运算,分析者便可以直接进入到对后调性音乐的研究中,直接进入“截断”领域,通过运用传统音乐知识,确定包括音乐上、织体上和结构上的单元,标记出动机、乐句、乐段、材料重复、模仿、和弦、琶音、旋律、旋律截断、旋律变奏等,还可以辨析出节奏模式、节奏动机及组合、音色或音区的单元,越过复杂的音级集合运算,直接触碰到音乐本体,以“截断”的方式透析音乐内部的各种关系,使得分析20世纪后调性音乐如同分析共同写作时期音乐那样游刃有余、直指内核。本书适合作曲技术理论研究者和音乐分析者阅读,也可以供相关专业的高校教师参考。 | |
| 333 | @a本书适合作曲技术理论研究者和音乐分析者阅读, 也可以供相关专业的高校教师参考。 | |
| 606 | 0 | @a音乐作品@Ayin yue zuo pin@x分析 |
| 690 | @aJ614.3@v5 | |
| 701 | 0 | @a傅小草@Afu xiao cao@4著 |
| 801 | 2 | @aCN@b上海新华@c20191020 |
| 905 | @b1132475-8@dJ614.3@e1045@f4 | |
| 20世纪音乐分析法的数理思维研究:以勋伯格序列音乐为例/傅小草著.-北京:中国水利水电出版社,2017 |
| 225页:乐谱;24cm |
| 2015年长江大学社科基金项目科研成果.-使用对象:本书适合作曲技术理论研究者和音乐分析者阅读, 也可以供相关专业的高校教师参考。 |
| ISBN 978-7-5170-4979-1:CNY42.00 |
| 本书针对以下运算目标展开研究:求解基本型;求解移位中的不变音数量;求解倒影中的不变音数量;求解抽象子集;求解移位对称集合的移位算子;求解倒影对称集合的指数及对称中心;求解音列形式;求解音列不变性、对称性与配套性。最后,以勋伯格最重要的四首钢琴曲为例,对前两首乐曲中的重要音级集合取样求解,对后两首乐曲中的原型序列展开演算。在分析的过程中,当计算机实现了这些复杂而繁琐的运算,分析者便可以直接进入到对后调性音乐的研究中,直接进入“截断”领域,通过运用传统音乐知识,确定包括音乐上、织体上和结构上的单元,标记出动机、乐句、乐段、材料重复、模仿、和弦、琶音、旋律、旋律截断、旋律变奏等,还可以辨析出节奏模式、节奏动机及组合、音色或音区的单元,越过复杂的音级集合运算,直接触碰到音乐本体,以“截断”的方式透析音乐内部的各种关系,使得分析20世纪后调性音乐如同分析共同写作时期音乐那样游刃有余、直指内核。本书适合作曲技术理论研究者和音乐分析者阅读,也可以供相关专业的高校教师参考。 |
| ● |
| 相关链接 |
|
|
|
|
正题名:20世纪音乐分析法的数理思维研究
索取号:J614.3/1045
 
预约/预借
| 序号 | 登录号 | 条形码 | 馆藏地/架位号 | 状态 | 备注 |
| 1 | 1132475 | 211324752 | 第一样本阅览室/ [索取号:J614.3/1045] | 在馆 | |
| 2 | 1132476 | 211324761 | 第一借阅区/ [索取号:J614.3/1045] | 在馆 | |
| 3 | 1132477 | 211324770 | 第一借阅区/ [索取号:J614.3/1045] | 在馆 | |
| 4 | 1132478 | 211324789 | 第一借阅区/ [索取号:J614.3/1045] | 在馆 |